[Event "EU-Cup Honved-Bayern"]
[Site "Budapest"]
[Date "1991.??.??"]
[Round "2"]
[White "Oll, Lembit"]
[Black "Hjartarson, Johann"]
[Result "1/2-1/2"]
[WhiteElo "2600"]
[BlackElo "2550"]
[Annotator "Ernst"]
[PlyCount "139"]
[EventDate "1991.??.??"]
[EventType "team"]
[EventRounds "2"]
[EventCountry "HUN"]
[Source "ChessBase"]
[SourceDate "1992.02.01"]

1. e4 {Hjartarson} e5 2. Nf3 Nc6 3. Bb5 a6 4. Ba4 Nf6 5. O-O Be7 6. Re1 b5 7.
Bb3 d6 8. c3 O-O 9. h3 Bb7 10. d4 Re8 11. a4 (11. Nbd2 Bf8 12. a3 h6 13. Bc2
Nb8 14. b4 Nbd7 15. Bb2 c5 16. bxc5 exd4 17. cxd4 dxc5 18. Rc1 Rc8 19. Bb1 cxd4
20. Rxc8 Qxc8 21. Nxd4 Qb8 $1 22. Ba2 $1 Nxe4 $1 23. Nxe4 Rxe4 24. Bxf7+ Kxf7
25. Qb3+ Kg6 $8 26. Qc2 Qe5 27. f3 Bc5 28. Rd1 Nf6 29. fxe4 Bxe4 $44) 11... h6
{In den Abzweigungen werden die Partien Kasparow - Karpow , Moskau (46.WM)
1985 und Kasparow - Smejkal, Dubai (ol) 1986 zitiert.} (11... Bf8 12. Nbd2 Qd7
13. axb5 $1 axb5 14. Rxa8 Bxa8 15. d5 Nd8 16. Nf1 h6 17. N3h2 Nb7 18. Bc2 Nc5
19. b4 Na6 20. Ng4 Nh7 21. Ng3 c6 22. dxc6 Bxc6 23. Bb3 Nc7 24. Qf3 Ne6 25. h4
$1 Qd8 26. Rd1 $16 Qa8) (11... Bf8 12. Nbd2 Qd7 13. axb5 $1 axb5 14. Rxa8 Bxa8
15. d5 Nb8 16. Nf1 Na6 17. Bg5 Be7 18. Ng3 g6 19. Qd2 Bb7 20. Ra1 Ra8 21. Bc2
c6 22. dxc6 Bxc6 23. Rd1 $14) 12. Nbd2 Bf8 13. Bc2 exd4 {
In der Abzweigung wird die Partie Jansa - P.Nikolic, Esbjerg, 1982 zitiert.} (
13... Qd7 14. d5 Ne7 15. b3 c6 16. c4 Qc7 17. Nf1 Nd7 18. Ne3 bxc4 19. bxc4 a5
20. Ba3 $1 $16) 14. cxd4 Nb4 15. Bb1 c5 {In den Abzweigungen werden die
Partien Hübner - Portisch, Tilburg 1981, Sax - Beljawsky, Moskau (izt), 1982
und Ehlvest - Beljawsky, UDSSR , 1984 zitiert.} (15... Qd7 16. Ra3 Rad8 17.
axb5 axb5 18. Rae3 c5 19. d5 g6 20. Nf1 Bg7 21. Bd2 Na6 22. Ng3 b4 23. Nh4 Kh8
24. Ngf5 $1 gxf5 25. Nxf5 $44) (15... bxa4 16. Rxa4 a5 17. Ra3 g6 18. Rae3 Bg7
19. Nf1 c5 20. Ng3 cxd4 21. Nxd4 d5 22. e5 Ne4 23. Nxe4 dxe4 24. Bxe4 Bxe4 25.
Rxe4 Qd5 26. Nf3 Qxd1 27. Rxd1 $16) (15... bxa4 16. Rxa4 a5 17. Ra3 Qd7 $6 18.
Nh4 $1 Qb5 19. Rf3 Nh7 20. Rg3 Ng5 21. Nhf3 Nxf3+ 22. Nxf3 $16) 16. d5 Nd7 {
In den Abzweigungen werden die Partien Grünfeld - Kraidman und Grünfeld-
Greenfeld, Israel (ch) 1984 zitiert.} (16... g6 17. Nf1 Bg7 18. axb5 $1 axb5
19. Rxa8 Qxa8 20. Bf4 Qa6 $2 21. Qd2 Kh7 22. Ng3 Nd7 23. h4 h5 24. Nxh5 $1 gxh5
25. e5+ Kg8 26. e6 Ne5 27. Nxe5 dxe5 28. Bxe5 $16) (16... g6 17. Nf1 Bg7 18.
axb5 $1 axb5 19. Rxa8 Qxa8 20. Bf4 Nd7 21. Qd2 Qa1 $132) 17. Ra3 f5 {
In der Abzweigung wird die Partie Gufeld - Timoshenko, UDSSR 1982 zitiert.} (
17... g6 18. Nf1 Bg7 19. a5 $1 Re7 20. Re2 Qf8 21. Bf4 $16) 18. Rae3 Nf6 19.
Nh2 Qd7 20. Rf3 $5 {Eine Verstärkung gegenüber der Partie Kasparov-Karpov,
Amsterdam 1991, in der  20.exf5, = gespielt wurde.} (20. exf5 {Hjartarson} Rxe3
21. fxe3 Bxd5 22. Ng4 Be7 23. e4 Bf7 $10 {Kasparov-Karpov, Amsterdam 1991.})
20... Re5 (20... Nxe4 {Hjartarson} 21. Nxe4 fxe4 22. Bxe4 $22 Rxe4 $4 23. Rxe4
Bxd5 24. Rxb4 $18) (20... fxe4 {Hjartarson} 21. Rxf6 $5 gxf6 22. Nxe4 $40) 21.
b3 (21. Rxf5 {Hjartarson} Rxf5 22. exf5 Bxd5 $13 (22... Nbxd5 $13)) 21... Nxe4
22. Nxe4 fxe4 23. Rxe4 Rxd5 (23... Bxd5 $6 {Hjartarson} 24. Rxe5 dxe5 25. Ng4
$44) 24. Qe2 Re5 25. Rxe5 dxe5 26. Rg3 Rd8 27. Nf1 e4 (27... Qd1 {Hjartarson}
28. Qxe5 Qxc1 29. Qe6+ Kh8 30. Qg6 Kg8 31. Qh7+ (31. Bf5 Bd5 $10) 31... Kf7 32.
Qf5+ Kg8 33. Qh7+ $10) 28. axb5 axb5 29. Bxh6 (29. Bxe4 {Hjartarson} Re8 30.
Re3 Bxe4 31. Rxe4 Rxe4 32. Qxe4 Qf7 $15) 29... Qd1 30. Qb2 (30. Qxb5 $4 {
Hjartarson} Ba6 $19) 30... Qd4 31. Qe2 Qd1 32. Qb2 Qd4 33. Qc1 {
Ein Gewinnversuch.} Nd3 34. Bxd3 exd3 35. Be3 Qb4 36. Nd2 Ra8 37. Rg5 Ra2 38.
Qd1 Qc3 (38... c4 $2 {Hjartarson} 39. bxc4 bxc4 40. Qg4 $16) 39. Qg4 Qf6 (39...
Rxd2 $4 40. Qe6+ $18 (40. Qe6+ {Hjartarson} Kh7 41. Rh5#)) 40. Rg6 (40. Bf4 $13
{Hjartarson}) 40... Qe5 41. Qe6+ (41. Bf4 {Hjartarson} Qe1+ $1 (41... Ra1+ 42.
Kh2 Qe1 43. Nf3 $132) 42. Kh2 Bd5 $17) 41... Qxe6 42. Rxe6 c4 43. bxc4 bxc4 44.
Rb6 (44. Nxc4 $4 Bd5 $19) 44... Bd5 $17 45. Nb1 Ra8 (45... Rc2 {Hjartarson} 46.
Rb5 Bf7 47. Rb8 c3 48. Bc5 d2 $19) 46. Nc3 Bf7 47. Rb1 Be7 48. Kf1 Bf6 49. Bd2
Ra3 50. Rc1 Rb3 51. Ke1 Bd4 52. Nd1 Be6 53. Bc3 Bxc3+ (53... Bc5 $22 {
Hjartarson} 54. Ra1 Ba3 $15) 54. Rxc3 Rb1 55. Kd2 Ra1 56. Ne3 Ra2+ 57. Kc1 Rxf2
58. Nxc4 Bxc4 (58... Rxg2 {Hjartarson} 59. Ne3 $10) 59. Rxc4 Rxg2 60. Rd4 Rg3
61. h4 Kh7 62. Kd2 Kh6 63. Rd8 $1 Rh3 64. Rh8+ Kg6 65. Kc3 Kf7 66. h5 Rg3 67.
Kd2 Kf6 68. Rg8 Rh3 69. Rf8+ Ke7 70. Rg8 1/2-1/2

[Event "FIN-chT"]
[Site "Finland"]
[Date "1991.??.??"]
[Round "?"]
[White "Oll, Lembit"]
[Black "Hurme, Harri M"]
[Result "1/2-1/2"]
[WhiteElo "2560"]
[BlackElo "2280"]
[PlyCount "89"]
[EventDate "1991.??.??"]
[EventType "team"]
[EventRounds "11"]
[EventCountry "FIN"]
[Source "ChessBase"]
[SourceDate "1999.11.16"]

1. d4 Nf6 2. c4 e5 3. dxe5 Ng4 4. Bf4 Nc6 5. Nf3 Bb4+ 6. Nc3 Qe7 7. Rc1 Ngxe5
8. Nxe5 Nxe5 9. a3 Bxc3+ 10. Rxc3 d6 11. g3 O-O 12. Bg2 Nd7 13. O-O a5 14. Be3
Ra6 15. Bd4 Re8 16. Re3 Qf8 17. Qc1 Rxe3 18. Qxe3 a4 19. Rd1 b6 20. Bc3 Nc5 21.
Rd5 Bd7 22. Bxg7 Kxg7 23. Qg5+ Kh8 24. Qf6+ Qg7 25. Qd8+ Qg8 26. Qxc7 Qf8 27.
Rxc5 bxc5 28. Qxd7 Rb6 29. Qxa4 Rxb2 30. Bf3 Qh6 31. Kg2 Kg7 32. Qa7 Qe6 33.
Bd5 Qf6 34. Qd7 h5 35. Qe8 h4 36. Qe3 hxg3 37. hxg3 Qe5 38. Qf3 f5 39. e3 Ra2
40. g4 fxg4 41. Qf7+ Kh6 42. Qf8+ Kg5 43. Qg8+ Kh6 44. Qf8+ Kg5 45. Qg8+
1/2-1/2

[Event "FIN-chT"]
[Site "Finland"]
[Date "1991.??.??"]
[Round "?"]
[White "Oll, Lembit"]
[Black "Yrjola, Jouni"]
[Result "1-0"]
[WhiteElo "2560"]
[BlackElo "2505"]
[PlyCount "73"]
[EventDate "1991.??.??"]
[EventType "team"]
[EventRounds "11"]
[EventCountry "FIN"]
[Source "ChessBase"]
[SourceDate "1999.11.16"]

1. d4 Nf6 2. c4 g6 3. Nc3 Bg7 4. e4 O-O 5. Nf3 d6 6. Be2 e5 7. O-O Na6 8. Be3
c6 9. d5 Ng4 10. Bg5 f6 11. Bd2 f5 12. Ne1 Nf6 13. exf5 gxf5 14. Bg5 Nc7 15.
Nc2 cxd5 16. cxd5 Nce8 17. f4 Bd7 18. Ne3 Qb6 19. Qd2 Qd4 20. Rad1 Ng4 21. Bxg4
Qxd2 22. Rxd2 fxg4 23. f5 h6 24. Be7 Rf7 25. Bh4 Bf6 26. Bxf6 Nxf6 27. Nc4 Ne8
28. Ne4 Bb5 29. Nexd6 Nxd6 30. Nxd6 Bxf1 31. Nxf7 Kxf7 32. Kxf1 Kf6 33. Ke2
Kxf5 34. Ke3 e4 35. d6 Rd8 36. d7 Ke5 37. Rd1 1-0

[Event "HUN-chT"]
[Site "Hungary"]
[Date "1991.??.??"]
[Round "?"]
[White "Oll, Lembit"]
[Black "Varasdy, Imre"]
[Result "1-0"]
[WhiteElo "2560"]
[BlackElo "2385"]
[PlyCount "77"]
[EventDate "1991.??.??"]
[EventType "team"]
[EventRounds "9"]
[EventCountry "HUN"]
[Source "ChessBase"]
[SourceDate "1994.03.01"]

1. c4 e6 2. g3 Nf6 3. Bg2 d5 4. Nf3 Be7 5. O-O O-O 6. cxd5 exd5 7. d3 c6 8.
Nbd2 Re8 9. b3 Bg4 10. Bb2 Qc8 11. Re1 Bh3 12. Bh1 h6 13. e4 Nbd7 14. Qc2 dxe4
15. dxe4 a5 16. Nc4 Qb8 17. a3 b5 18. Nce5 c5 19. Nc6 Qb6 20. Nxe7+ Rxe7 21. e5
Nh7 22. Ng5 Nxg5 23. Bxa8 Qb8 24. Bh1 Nxe5 25. Bxe5 Rxe5 26. Qc3 Rxe1+ 27. Rxe1
Be6 28. h4 Nh3+ 29. Kg2 Qc8 30. Re5 c4 31. bxc4 bxc4 32. Kf1 Qd7 33. Bf3 Bg4
34. Rxa5 h5 35. Kg2 Qc7 36. Be4 f5 37. Bxf5 Qc6+ 38. f3 Bxf5 39. Rxf5 1-0

[Event "Las Palmas op1"]
[Site "Las Palmas"]
[Date "1991.??.??"]
[Round "?"]
[White "Oll, Lembit"]
[Black "Ochoa de Echaguen, F Javier"]
[Result "1-0"]
[WhiteElo "2560"]
[BlackElo "2395"]
[PlyCount "66"]
[EventDate "1991.??.??"]
[EventType "swiss"]
[EventRounds "9"]
[EventCountry "ESP"]
[Source "ChessBase"]
[SourceDate "2003.11.25"]

1. c4 f5 2. Nc3 Nf6 3. g3 e5 4. Bg2 Bb4 5. Qb3 Na6 6. Nf3 d6 7. O-O O-O 8. a3
Nc5 9. Qc2 Bxc3 10. Qxc3 Qe8 11. b4 Ne6 12. Bb2 Qh5 13. e3 g5 14. Ne1 f4 15. d4
e4 16. exf4 gxf4 17. d5 Ng5 18. gxf4 Nh3+ 19. Kh1 Nxf4 20. Rg1 Bg4 21. f3 Ne2
22. fxg4 Qxh2+ 23. Kxh2 Nxg4+ 24. Kh3 Nf2+ 25. Kh4 Rf4+ 26. Kg5 Rg4+ 27. Kf5
Rf4+ 28. Ke6 Nxc3 29. Bxc3 Kf8 30. Bf6 Re8+ 31. Kd7 Rxf6 32. Kxc7 Rf7+ 33. Kxd6
Nd3 1-0

[Event "Las Palmas op1"]
[Site "Las Palmas"]
[Date "1991.??.??"]
[Round "?"]
[White "Oll, Lembit"]
[Black "Romero Holmes, Alfonso"]
[Result "1/2-1/2"]
[WhiteElo "2560"]
[BlackElo "2460"]
[PlyCount "24"]
[EventDate "1991.??.??"]
[EventType "swiss"]
[EventRounds "9"]
[EventCountry "ESP"]
[Source "ChessBase"]
[SourceDate "2003.11.25"]

1. d4 e6 2. Nf3 c5 3. c4 cxd4 4. Nxd4 Nf6 5. Nc3 Bb4 6. g3 Ne4 7. Bd2 Nxc3 8.
bxc3 Be7 9. Bg2 O-O 10. O-O d6 11. Rb1 Nd7 12. Be3 a6 1/2-1/2

[Event "Malaga op"]
[Site "Malaga"]
[Date "1991.??.??"]
[Round "2"]
[White "Rios Parra, Alejandro"]
[Black "Oll, Lembit"]
[Result "0-1"]
[WhiteElo "2300"]
[BlackElo "2560"]
[PlyCount "66"]
[EventDate "1991.??.??"]
[EventType "swiss"]
[EventRounds "9"]
[EventCountry "ESP"]
[Source "ChessBase"]
[SourceDate "1996.11.15"]

1. d4 Nf6 2. c4 e6 3. Nf3 Bb4+ 4. Bd2 Qe7 5. e3 O-O 6. Bd3 a5 7. a3 Bxd2+ 8.
Qxd2 d6 9. Nc3 e5 10. Be2 Bg4 11. O-O-O Nbd7 12. h3 Bxf3 13. gxf3 Kh8 14. h4 c6
15. h5 h6 16. Rdg1 d5 17. cxd5 Nxd5 18. Nxd5 cxd5 19. Bd3 exd4 20. exd4 Nf6 21.
Kb1 Qc7 22. Bb5 Qb6 23. Qd3 a4 24. Rc1 Rfd8 25. Rc5 Ra5 26. Ka1 Nh7 27. Re1 Nf8
28. Re5 Ne6 29. Qe2 Nxc5 30. Re8+ Rxe8 31. Qxe8+ Kh7 32. Be2 Qe6 33. Qd8 Nb3+
0-1

[Event "Malaga op"]
[Site "Malaga"]
[Date "1991.??.??"]
[Round "5"]
[White "Oll, Lembit"]
[Black "De Boer, Gert Jan"]
[Result "1-0"]
[WhiteElo "2560"]
[BlackElo "2420"]
[PlyCount "61"]
[EventDate "1991.??.??"]
[EventType "swiss"]
[EventRounds "9"]
[EventCountry "ESP"]
[Source "ChessBase"]
[SourceDate "1996.11.15"]

1. e4 c5 2. Nf3 e6 3. d4 cxd4 4. Nxd4 a6 5. Bd3 Qc7 6. O-O Nf6 7. Qe2 d6 8. c4
Be7 9. Nc3 O-O 10. Bg5 Nbd7 11. Rac1 b6 12. Bb1 Bb7 13. b3 Rfe8 14. Kh1 Nf8 15.
f3 N8d7 16. Qf2 Nc5 17. Be3 Red8 18. Qg3 Bf8 19. Bg5 Ncd7 20. Nd5 exd5 21. cxd5
Qb8 22. Nc6 Qc8 23. e5 dxe5 24. Bf5 Kh8 25. Bxf6 gxf6 26. Qh3 h6 27. Nxd8 Qxd8
28. Bxd7 Bxd5 29. Rfd1 Ba3 30. Qxh6+ Kg8 31. Rxd5 1-0

[Event "Malaga op"]
[Site "Malaga"]
[Date "1991.??.??"]
[Round "7"]
[White "Oll, Lembit"]
[Black "Giorgadze, Tamaz"]
[Result "1-0"]
[WhiteElo "2560"]
[BlackElo "2525"]
[PlyCount "44"]
[EventDate "1991.??.??"]
[EventType "swiss"]
[EventRounds "9"]
[EventCountry "ESP"]
[Source "ChessBase"]
[SourceDate "1996.11.15"]

1. e4 e5 2. Nf3 d6 3. Bc4 Be7 4. d4 exd4 5. Nxd4 Nf6 6. Nc3 O-O 7. Bb3 a6 8.
O-O b5 9. Nd5 c5 10. Nxf6+ Bxf6 11. Bd5 Ra7 12. Nf5 Bxf5 13. exf5 Nd7 14. a4 b4
15. a5 Bg5 16. f4 Bf6 17. Qd3 Bd4+ 18. Kh1 Qf6 19. g4 g6 20. fxg6 hxg6 21. g5
Qh8 22. Qxg6+ Qg7 1-0

[Event "Malaga op"]
[Site "Malaga"]
[Date "1991.??.??"]
[Round "8"]
[White "Granda Zuniga, Julio E"]
[Black "Oll, Lembit"]
[Result "1-0"]
[WhiteElo "2550"]
[BlackElo "2560"]
[PlyCount "77"]
[EventDate "1991.??.??"]
[EventType "swiss"]
[EventRounds "9"]
[EventCountry "ESP"]
[Source "ChessBase"]
[SourceDate "1996.11.15"]

1. d4 Nf6 2. c4 e6 3. Nc3 Bb4 4. e3 c5 5. Nge2 d5 6. a3 Bxc3+ 7. Nxc3 cxd4 8.
exd4 dxc4 9. Bxc4 Nc6 10. Be3 O-O 11. O-O h6 12. Qd3 Ne7 13. Bf4 Ng6 14. Bg3
Bd7 15. Rad1 Rc8 16. Rfe1 Qb6 17. Rd2 Rfd8 18. Ba2 Be8 19. Bb1 Nd5 20. Nxd5
Rxd5 21. Qe3 Ne7 22. Qe4 Nf5 23. Be5 Qd8 24. Ba2 Rb5 25. d5 Bc6 26. Qe2 Rxd5
27. Bxd5 Bxd5 28. Qg4 Qa5 29. Bc3 Qb5 30. Re5 Rc4 31. Rexd5 Qxd5 32. Rxd5 Rxg4
33. Rd8+ Kh7 34. Rd7 Kg6 35. b3 Re4 36. Kf1 f6 37. Rxb7 Nd6 38. Rd7 Nb5 39. Bb2
1-0

[Event "Malaga op Malaga ESP"]
[Site "Malaga op Malaga ESP"]
[Date "1991.??.??"]
[Round "6"]
[White "Machulsky, Anatoly"]
[Black "Oll, Lembit"]
[Result "0-1"]
[WhiteElo "2555"]
[BlackElo "2560"]
[PlyCount "108"]
[EventDate "1991.??.??"]
[SourceDate "2003.12.01"]

1. d4 Nf6 2. Nf3 e6 3. Bg5 c5 4. e3 h6 5. Bh4 b6 6. Nbd2 Bb7 7. Bd3 Be7 8. O-O
O-O 9. c3 Nc6 10. Qe2 Rb8 11. a3 d6 12. Rad1 Nh5 13. Bxe7 Qxe7 14. Bb1 Rbd8 15.
g3 g6 16. Nh4 Kg7 17. f4 Nf6 18. Qd3 Qe8 19. e4 cxd4 20. cxd4 Ne7 21. e5 dxe5
22. fxe5 Nfg8 23. Ne4 Bxe4 24. Qxe4 Nd5 25. Rf2 Nge7 26. g4 Qa4 27. Bc2 Qc4 28.
Bd3 Qb3 29. Rdf1 Qa4 30. Rf6 Nc7 31. b4 Qd7 32. R1f4 Ncd5 33. Rf2 Ng8 34. R6f3
Nc3 35. Qe1 Qxd4 36. h3 Ne7 37. Kh1 Nc6 38. Bc2 Nd5 39. Qg1 Nde7 40. Rd3 Qxe5
41. Nf3 Qc7 42. Qa1+ Kg8 43. Rxd8 Rxd8 44. b5 Qg3 45. Qf1 Nd4 46. Nxd4 Rxd4 47.
Rf3 Qd6 48. Rxf7 Nf5 49. gxf5 Rd2 50. Rf8+ Qxf8 51. Qc4 Qd6 52. Qc8+ Kg7 53.
Qc3+ Qd4 54. f6+ Kxf6 0-1

[Event "Oviedo rapid"]
[Site "Oviedo"]
[Date "1991.??.??"]
[Round "4"]
[White "Oll, Lembit"]
[Black "Mellado Trivino, Juan"]
[Result "1-0"]
[WhiteElo "2560"]
[BlackElo "2270"]
[PlyCount "73"]
[EventDate "1991.??.??"]
[EventType "swiss (rapid)"]
[EventRounds "10"]
[EventCountry "ESP"]
[Source "ChessBase"]
[SourceDate "1996.11.15"]

1. e4 c5 2. Nf3 e6 3. d4 cxd4 4. Nxd4 Nf6 5. Nc3 Nc6 6. Nxc6 bxc6 7. e5 Nd5 8.
Ne4 Qa5+ 9. c3 f5 10. exf6 Nxf6 11. Nxf6+ gxf6 12. Be2 Qd5 13. Bh5+ Kd8 14. Qe2
Qxg2 15. Bf3 Qh3 16. Be3 Ba6 17. Qxa6 Qxf3 18. Rg1 Rb8 19. b4 Bd6 20. Rd1 Ke7
21. Qd3 Qd5 22. Qe2 Qe5 23. Rg7+ Ke8 24. Qd3 Qd5 25. Bxa7 Qxd3 26. Rxd3 Rb7 27.
Rxd6 Rxa7 28. Rxe6+ Kd8 29. Rxc6 Rxa2 30. Rxf6 Re8+ 31. Kf1 Rd2 32. Rf3 h5 33.
Rf5 h4 34. Kg2 Re4 35. h3 Rd1 36. Rg4 Ree1 37. Rxh4 1-0

[Event "Oviedo rapid"]
[Site "Oviedo"]
[Date "1991.??.??"]
[Round "5"]
[White "Izeta Txabarri, Felix"]
[Black "Oll, Lembit"]
[Result "1-0"]
[WhiteElo "2380"]
[BlackElo "2560"]
[PlyCount "59"]
[EventDate "1991.??.??"]
[EventType "swiss (rapid)"]
[EventRounds "10"]
[EventCountry "ESP"]
[Source "ChessBase"]
[SourceDate "1996.11.15"]

1. e4 c5 2. Nf3 Nc6 3. Bb5 g6 4. O-O Bg7 5. c3 Nf6 6. Re1 O-O 7. d4 cxd4 8.
cxd4 d5 9. e5 Ne8 10. Be3 Nc7 11. Bxc6 bxc6 12. Nbd2 Ne6 13. Nb3 f6 14. exf6
exf6 15. Rc1 Qb6 16. Bd2 Re8 17. Ba5 Qb5 18. Qd2 Rb8 19. h3 Bf8 20. Nc5 Kf7 21.
b3 Nxc5 22. Rxe8 Ne4 23. Rxf8+ Kxf8 24. Qf4 Rb7 25. Be1 g5 26. Qe3 Re7 27. Nd2
Nd6 28. Qc3 Bd7 29. Nf1 Nf7 30. Ng3 1-0

[Event "Oviedo rapid"]
[Site "Oviedo"]
[Date "1991.??.??"]
[Round "7"]
[White "Comas Fabrego, Luis"]
[Black "Oll, Lembit"]
[Result "0-1"]
[WhiteElo "2375"]
[BlackElo "2560"]
[PlyCount "74"]
[EventDate "1991.??.??"]
[EventType "swiss (rapid)"]
[EventRounds "10"]
[EventCountry "ESP"]
[Source "ChessBase"]
[SourceDate "1996.11.15"]

1. d4 Nf6 2. c4 e6 3. Nc3 Bb4 4. Bg5 h6 5. Bh4 O-O 6. e3 d5 7. cxd5 exd5 8. Bd3
Nbd7 9. Nge2 c5 10. O-O c4 11. Bf5 Nb6 12. Qc2 Bxf5 13. Qxf5 Qd7 14. Qf3 Nh7
15. a3 Bxc3 16. bxc3 Ng5 17. Bxg5 hxg5 18. Qg3 Qe7 19. a4 Rad8 20. Rfb1 Rd7 21.
Qe5 Qd8 22. Rb5 Re8 23. Qf5 Nc8 24. Qb1 b6 25. Ng3 g6 26. h3 Kg7 27. Ra2 f5 28.
Nf1 Rh8 29. a5 g4 30. axb6 axb6 31. hxg4 Qh4 32. Ng3 f4 33. exf4 Qh2+ 34. Kf1
Re7 35. Ne2 Rxe2 36. Rxb6 Nxb6 37. Ra7+ Kh6 0-1

[Event "Oviedo rapid"]
[Site "Oviedo"]
[Date "1991.??.??"]
[Round "8"]
[White "Oll, Lembit"]
[Black "Krasenkow, Michal"]
[Result "1/2-1/2"]
[WhiteElo "2560"]
[BlackElo "2570"]
[PlyCount "76"]
[EventDate "1991.??.??"]
[EventType "swiss (rapid)"]
[EventRounds "10"]
[EventCountry "ESP"]
[Source "ChessBase"]
[SourceDate "1996.11.15"]

1. Nf3 Nf6 2. g3 b5 3. Bg2 Bb7 4. O-O e6 5. b3 Be7 6. c4 bxc4 7. bxc4 c5 8. Nc3
Nc6 9. Rb1 Rb8 10. d3 O-O 11. Qa4 Ba8 12. Bf4 d6 13. Rxb8 Qxb8 14. Rb1 Qc7 15.
Nd2 Qd7 16. Rb2 d5 17. Nb3 h6 18. cxd5 exd5 19. e4 dxe4 20. Nxe4 Qxd3 21. Nbxc5
Bxc5 22. Nxf6+ gxf6 23. Bxc6 Qd4 24. Rd2 Qxa4 25. Bxa4 Kg7 26. Be3 Bxe3 27.
fxe3 Rc8 28. Kf2 Rc1 29. Rd7 Rh1 30. Bb3 Rxh2+ 31. Kf1 Kg6 32. Rxa7 Be4 33.
Bxf7+ Kg5 34. Be6 f5 35. Bc4 Kg4 36. Be2+ Kxg3 37. Rg7+ Kh4 38. a4 Rh3 1/2-1/2

[Event "Oviedo rapid"]
[Site "Oviedo"]
[Date "1991.??.??"]
[Round "9"]
[White "Castro Rojas, Oscar Humberto"]
[Black "Oll, Lembit"]
[Result "0-1"]
[WhiteElo "2380"]
[BlackElo "2560"]
[PlyCount "56"]
[EventDate "1991.??.??"]
[EventType "swiss (rapid)"]
[EventRounds "10"]
[EventCountry "ESP"]
[Source "ChessBase"]
[SourceDate "1996.11.15"]

1. e4 c6 2. d4 d5 3. exd5 cxd5 4. Bd3 Nc6 5. c3 Nf6 6. Bf4 Bg4 7. Nf3 e6 8. Qb3
Qc8 9. Nbd2 Bh5 10. O-O Be7 11. Rfe1 Bg6 12. Bf1 O-O 13. Rac1 h6 14. h3 a6 15.
a4 Qd7 16. Ne5 Nxe5 17. dxe5 Ne4 18. Nxe4 Bxe4 19. c4 Rac8 20. Qg3 Kh8 21. b3
Ba3 22. Rcd1 Qe7 23. f3 Bc2 24. Rd2 Bxb3 25. cxd5 Bxd5 26. Rxd5 exd5 27. Bd3
Bb4 28. Re2 g5 0-1

[Event "Sydney Cepacol"]
[Site "Sydney"]
[Date "1991.??.??"]
[Round "1"]
[White "Oll, Lembit"]
[Black "Davidovic, Aleksandar"]
[Result "1-0"]
[WhiteElo "2560"]
[BlackElo "2425"]
[PlyCount "81"]
[EventDate "1991.01.??"]
[EventType "tourn"]
[EventRounds "9"]
[EventCountry "AUS"]
[EventCategory "9"]
[Source "ChessBase"]
[SourceDate "1991.08.01"]

1. d4 Nf6 2. c4 g6 3. Nf3 Bg7 4. Nc3 O-O 5. e4 d6 6. Be2 c5 7. O-O b6 8. d5 Na6
9. Re1 Nc7 10. h3 e5 11. dxe6 Nxe6 12. Be3 Bb7 13. Qc2 Qb8 14. Rad1 Bc6 15. Nd5
Re8 16. Bf1 Qb7 17. Bd2 Nd7 18. Bc3 Ne5 19. Nh2 Nd7 20. Bxg7 Kxg7 21. Ng4 Nd4
22. Qd2 Bxd5 23. Qh6+ Kh8 24. cxd5 a6 25. Qf4 h5 26. Nf6 Nxf6 27. Qxf6+ Kg8 28.
Qxd6 Kg7 29. b4 Rad8 30. Qf4 f5 31. bxc5 bxc5 32. Rb1 Qf7 33. Bxa6 Rxe4 34.
Rxe4 fxe4 35. Qe5+ Kh6 36. Rb7 Rd7 37. Rxd7 Qxd7 38. Qxe4 Qa4 39. Bd3 Qd1+ 40.
Kh2 Nf5 41. Qf4+ 1-0

[Event "Sydney Cepacol"]
[Site "Sydney"]
[Date "1991.??.??"]
[Round "3"]
[White "Oll, Lembit"]
[Black "Kanikevich, Alexander"]
[Result "1-0"]
[WhiteElo "2560"]
[BlackElo "2360"]
[Annotator "King,D"]
[PlyCount "129"]
[EventDate "1991.01.??"]
[EventType "tourn"]
[EventRounds "9"]
[EventCountry "AUS"]
[EventCategory "9"]
[Source "ChessBase"]
[SourceDate "1991.08.01"]

1. e4 Nf6 2. e5 Nd5 3. d4 d6 4. Nf3 Bg4 5. Be2 c6 6. Ng5 Bxe2 (6... Bf5 $1) 7.
Qxe2 dxe5 8. dxe5 e6 9. O-O Be7 {After 6...Be2, black's position is passive,
but 9...Be7 makes things worse.  9...Nd7 has to be tried.} 10. Nf3 O-O 11. c4
Nb6 12. Nc3 N8d7 13. Bf4 Qc7 14. Ne4 $16 Rad8 15. Rad1 Nc8 16. Qc2 h6 17. Qc1
Qa5 18. a3 f5 19. exf6 Nxf6 20. b4 Qh5 21. Ng3 Qe8 22. Qe3 Bd6 23. Bxd6 Rxd6
24. Ne5 Nd7 25. Nd3 e5 26. Ne4 Rg6 27. c5 Qe6 28. f4 Ne7 29. fxe5 Rxf1+ 30.
Rxf1 Nxe5 31. Nf4 Nd5 32. Nxe6 Nxe3 33. Rf8+ Kh7 34. Nf4 Rg4 35. h3 Ng6 36.
hxg4 Nxf8 37. Nd6 b6 38. cxb6 axb6 39. a4 Nd7 40. a5 bxa5 41. bxa5 Nb8 42. Nd3
Nxg4 43. Nc5 g5 44. Nc4 Nf6 45. Kf2 Nd5 46. Kf3 Nb4 47. Ke4 Kg6 48. Ne5+ Kf6
49. g4 Nd5 50. Kd4 Ke7 51. Ne4 Nf6 52. Nxf6 Kxf6 53. Nd3 h5 54. gxh5 g4 55. Nf2
Kg5 56. Nxg4 Kxh5 57. Ne5 Na6 58. Nxc6 Kg6 59. Kc4 Kf6 60. Kb5 Nc7+ 61. Kb6 Ne8
62. a6 Nd6 63. Nd4 Ke5 64. Nb5 Nc4+ 65. Kc5 1-0

[Event "Sydney Cepacol"]
[Site "Sydney"]
[Date "1991.??.??"]
[Round "4"]
[White "West, Guy"]
[Black "Oll, Lembit"]
[Result "0-1"]
[WhiteElo "2445"]
[BlackElo "2560"]
[Annotator "Schussler"]
[PlyCount "58"]
[EventDate "1991.01.??"]
[EventType "tourn"]
[EventRounds "9"]
[EventCountry "AUS"]
[EventCategory "9"]
[Source "ChessBase"]
[SourceDate "1991.08.01"]

1. c4 e6 2. Nf3 Nf6 3. d4 Bb4+ 4. Bd2 Qe7 5. g3 Nc6 6. Bg2 Bxd2+ 7. Nbxd2 d6 8.
e4 a5 9. O-O e5 10. d5 Nb8 11. Ne1 {For 11.Qc2, see Gedevanishvili,D-Johansen,
D (CBM 23, game 852). Interesting is also 11.c5!? (intending 11. - dxc5 12.Nc4)
.} h5 12. Nc2 Bg4 $5 (12... h4 13. Ne3 g6 14. b3 Na6 15. a3 Kf8 $10 {
Meduna-Rashkovski, Lvov 1981}) 13. Bf3 Bh3 14. Bg2 Bg4 15. Bf3 Bd7 16. Ne3 Na6
17. b3 h4 18. a3 hxg3 19. hxg3 g6 20. Qc2 Nh5 21. Bg2 Qg5 22. Nf3 Qh6 23. Rfe1
Nf6 24. Kf1 Nc5 25. Nd2 Bh3 26. f3 Nh5 $1 $19 27. Kf2 Nxg3 $1 28. Kxg3 Qh4+ 29.
Kh2 Qf2 0-1

[Event "Sydney Cepacol"]
[Site "Sydney"]
[Date "1991.??.??"]
[Round "6"]
[White "Gedevanishvili, Dmitry"]
[Black "Oll, Lembit"]
[Result "0-1"]
[WhiteElo "2400"]
[BlackElo "2560"]
[PlyCount "84"]
[EventDate "1991.01.??"]
[EventType "tourn"]
[EventRounds "9"]
[EventCountry "AUS"]
[EventCategory "9"]
[Source "ChessBase"]
[SourceDate "1991.08.01"]

1. Nf3 Nf6 2. c4 c6 3. b3 g6 4. Bb2 Bg7 5. e3 O-O 6. d4 d5 7. Bd3 dxc4 8. Bxc4
Bf5 9. O-O Nbd7 10. Nbd2 Nb6 11. Be2 Ne4 12. Rc1 a5 13. a3 Nxd2 14. Nxd2 Qc7
15. e4 Be6 16. Bg4 Bxg4 17. Qxg4 Rad8 18. Nf3 f5 19. Qh3 Qf4 20. Rc5 a4 21. b4
Nd7 22. Ra5 b6 23. Ra7 fxe4 24. Qe6+ Kh8 25. Bc1 Qb8 26. Rxd7 Rxd7 27. Ng5 Rd5
28. Qxc6 Qd6 29. Qc2 Bxd4 30. Nxe4 Qe6 31. Ng5 Rxf2 32. Nxe6 Rxc2+ 33. Nxd4
Rxd4 34. Bh6 Rd8 35. h4 Kg8 36. Rf3 Rc6 37. b5 Rc5 38. Re3 Kf7 39. Re4 Rxb5 40.
Rxa4 Ra5 41. Rf4+ Rf5 42. Rb4 b5 0-1